000 00278 a2200121 4500
001 156073
040 _cEscola São Tomás de Aquino
240 1 0 _aEducação no século 21
_lpor
245 1 0 _aEducação no século 21
440 1 _aModerna
697 _aEducação
942 _cBK
999 _c156073
_d156073